000 00879nam a2200229 a 4500
001 45395
003 BD-RjUL
005 20211209054015.0
008 1607 s1955 enk b 000 0 eng
035 _a(BD-RjUL)45513
040 _aDLC
_cCCC
_dUk
_dDLC
_dBD-RjUL
_beng
041 _aeng
082 _223
_a382
_bINT 1955
111 _abeing the lectures delivered at the Eighth International Banking Summer School,
_cChrist Church, Oxford,
_dSeptember 1955.
_9138993
245 1 0 _aInternational banking and foreign trade /
_cbeing the lectures delivered at the Eighth International Banking Summer School, Christ Church, Oxford, September 1955.
260 _aLondon :
_bEuropa Publications,
_c1955
300 _a226 p. :
_bill. ;
_c23 cm.
650 0 _aCommerce
_xHistory.
_9133088
650 0 _aCurrency question.
_9138985
650 0 _aForeign exchange.
_9138986
942 _2ddc
_cBK
999 _c45395
_d45395